00999nam a2200205 4500003000800000005001700008008004100025040002600066041000800092092002600100100002900126245027100155260003500426300001800461502016100479504004200640830008100682942001300763999001700776DO-SdUA20250325093548.0 s2024 dr a|| |||| 0 |a||0|spa d aDO-SdUAbspacDO-SdUA0 aspa aMA-PPGE 0046 FCE 20241 aVega Rodríguez, Karina10aDiseño de estrategias pedagógicas para el desarrollo de la lengua oral y escrita en los niños y niñas del grado pre-primario de la Escuela María Teresa Mirabal, Distrito Educativo 10-02 de Sabana perdida, año escolar 2022-2023 /cKarina Vega Rodríguez. aSanto Domingo :bUASD, c2024. a192 h. :bil. aTesis y trabajo de grado (Maestría en Procesos Pedagógicos y Gestión de la Educación)--Universidad Autónoma de Santo Domingo, Santo Domingo, 2024. aIncluye referencias bibliográficas. aTesis y disertaciones académicas (Universidad Autónoma de Santo Domingo) 2clcTn1 c13374d13374